Müslüman toplumlarda kadın ve cinsellik (Record no. 1369)

MARC details
000 -BAŞLIK
Sabit Uzunlukta Kontrol Alanı 00956na a2200313 4500
001 - KONTROL NUMARASI
Denetim Alanı 13054
003 - KONTROL NUMARASI IDENTIFIER
Denetim Alanı MIRAKIL
005 - SON İŞLEM TARİHİ VE ZAMANI
Denetim Alanı 20181213154821.0
008 - SABİT-BOY VERİ ELEMANLARI - GENEL BİLGİLER
Sabit Uzunlukta Kontrol Alanı 161009b tu 000 0
020 ## - ULUSLARARASI STANDART KİTAP NUMARASI
Uluslararası Standart Kitap Numarası 9750501950
035 ## - SİSTEM KONTROL NUMARASI
Sistem Kontrol Numarası 13054
040 ## - KATALOGLAMA KAYNAK
Orijinal Kataloglama Ajansı Milas
Kataloglama Dili tur
Metne Dönüştürmek Ajansı TR-AnCHP
041 ## - DİL KODU
Metin / Ses Parça Veya Ayrı Başlığın Dil Kodu tur
082 ## - DEWEY ONLU SINIFLANDIRMA NUMARASI
Sınıflandırma Numarası 297.5042
Ürün Numarası M97
090 ## - SINIFLAMA NUMARASI
Sınıflama Numarası 297.5042 M97 2004
245 ## - BAŞLIK TABLOSU
Başlık Müslüman toplumlarda kadın ve cinsellik
Sorumluluk Tablosu, Vb derleyen Pınar İlkkaracan ; çeviren Ebru Salman
250 ## - EDITION TABLOSU
Baskı Beyanı 2. bs.
260 ## - YAYIN, DAĞITIM, VB
Yayın, Dağıtım, Vb Yeri İstanbul
Yayıncı, Dağıtıcı, Vs Adı İletişim
Yayın, Dağıtım, Vb Tarihi 2004
300 ## - FİZİKSEL TANIM
Kapsam 280 s.
Boyutlar 20 sm.
490 ## - SERİSİ TABLOSU
Seri Beyanı İletişim yayınları
Hacim / Ardışık Tanımı 961
490 ## - SERİSİ TABLOSU
Seri Beyanı Araştırma-İnceleme dizisi
Hacim / Ardışık Tanımı 157
650 ## - KONU KATMA GİRİŞ - TOPİKAL DÖNEM
Topikal Süreli Veya Coğrafi Ad Giriş Elemanı İslam
Genel Alt Bölümü Kadınlar
Kronolojik Alt Bölümü Cinsellik
650 ## - KONU KATMA GİRİŞ - TOPİKAL DÖNEM
Topikal Süreli Veya Coğrafi Ad Giriş Elemanı Sosyal gruplar
Genel Alt Bölümü Kadınlar
651 ## - KONU KATMA GİRİŞ - COĞRAFİ ADI
Coğrafi İsim İran
Genel Alt Bölümü Kadın cinselliği
Kronolojik Alt Bölümü Dinsel yaşam
651 ## - KONU KATMA GİRİŞ - COĞRAFİ ADI
Coğrafi İsim Türkiye
Genel Alt Bölümü Doğu bölgesi
Kronolojik Alt Bölümü Dinsel yaşam
Coğrafi Alt Bölümü Kadın cinselliği
700 ## - KATMA GİRİŞ - KİŞİSEL İSİM
Kişisel Ad İlkkaracan, Pınar
700 ## - KATMA GİRİŞ - KİŞİSEL İSİM
Kişisel Ad Salman, Ebru
942 ## - EKLENDİ GİRİŞ ELEMANLARI (KOHA)
Sınıflandırma Veya Raf Düzeni Kaynak Dewey Decimal Classification
Koha Öğesi Türü Books
999 ## - SİSTEM KONTROL NUMARALARI (KOHA)
Koha Biblionumber 1369
Koha Biblioitemnumber 1369
Holdings
Kalıcı Konum Mevcut Konum Edinme Tarihi Edinim Kaynak Toplam Check-Out'Lar Tam Çağrı Numarası Barkod Tarih Son Görülme İtibaren Geçerli Fiyatlar Koha Öğesi Türü
CHP Kütüphanesi CHP Kütüphanesi 08/04/2016 Bağış   297.5042 M97 2004 000801 08/04/2016 08/04/2016 Books